01430cam a2200277 a 450000100090000000300040000900500170001300800410003001000170007102000180008804000180010605000230012408200200014710000330016724500630020025000130026326000470027630000270032350400510035050506190040165000270102065000290104765000250107665000260110165000250112715866598OSt20230826161426.0090813s2009 nju b 001 0 eng  a 2009033189 a9789390689231 aDLCcDLCdDLC00aHG3881b.S526 200900a658.1599bSID/I1 aSiddaiah, Thummuluri,d1951-10aInternational financial management /cThummuluri Siddaiah. a3rd. ed. aUpper Saddle River, NJ :bPearson,cc2021. a596 p. :bill.c28 cm. aIncludes bibliographical references and index.0 aThe foreign exchange market : structure and operations -- The international monetary system -- The balance of payments : implications for exchange rates -- International parity -- Management of foreign exchange exposure and risk -- Currency forwards and futures -- Currency options -- Financial swaps -- Cross-border investment decisions -- Financing decisions of MNCs -- Management of working capital : an international perspective -- International trade -- Foreign investments -- Portfolio theory : an international perspective -- The Indian accounting and taxation system -- Multilateral financial institutions. 0aInternational finance. 0aForeign exchange market. 0aBalance of payments. 0aInvestments, Foreign. 0aInternational trade.